| 000 | 00831cam a22002654a 4500 | ||
|---|---|---|---|
| 005 | 20260322212006.0 | ||
| 008 | data | ||
| 010 |
_a 99016624 _z 2001002113 |
||
| 020 | _a1576071316 (alk. paper) | ||
| 020 | _a9781576071311 (alk. paper) | ||
| 040 |
_aDLC _cDLC _dDLC |
||
| 042 | _apcc | ||
| 043 | _an-us--- | ||
| 050 | 0 | 0 |
_aUG1240 _b.F74 1999 |
| 082 | 0 | 0 |
_a623.7/46/0973 _221 |
| 092 | _a623.7 F74 1999 | ||
| 100 | 1 | _aFredriksen, John C. | |
| 245 | 1 | 0 |
_aWarbirds : _ban illustrated guide to U.S. military aircraft, 1915-2000 / _cJohn C. Fredriksen. |
| 260 |
_aSanta Barbara, Calif. : _bABC-CLIO, _cc1999. |
||
| 300 |
_axiv, 363 p. : _bill. ; _c29 cm. |
||
| 504 | _aIncludes bibliographical references (p. 329-348). | ||
| 650 | 0 |
_aAirplanes, Military _zUnited States. |
|
| 650 | 0 |
_aAircraft industry _zUnited States. |
|
| 001 | data | ||
| 999 |
_c103 _d103 |
||